000 00634nam a2200205Ia 4500
005 20250507130400.0
008 008 250505s9999 xx 000 0 eng d
020 _a0-8248-2062-2
037 _aAnnuals, Advances
040 _aEASL
_beng
_cEASL
041 _aeng
_2eng
084 _aV41:1942.N3<-M9, P0
_qEASL
100 _aBrooks Barbara J Au.
_9665971
245 0 _aJapan's imperial diplomacy
260 _aUSA
_bHawaii Hawaii University Press
_c2000
300 _a296p.
650 _aJapan-Foriegn-Relations-China
_9665972
942 _cTEXL
_hV41:1942.N3<-M9, P0
999 _c1319373
_d1319373